Llwytho...

Bharatheeyasahithya charithram, Vol.2 (m)

Manylion Llyfryddiaeth
Prif Awdur: George, K M, Ed
Fformat: Printed Book
Cyhoeddwyd: Thrissur Kerala Sahithya Akademi 1983
Pynciau:
LEADER 00515nam a2200157 4500
082 |a R 809 GEO-B.2 
100 |a George, K M, Ed. 
245 |a Bharatheeyasahithya charithram, Vol.2 (m) 
250
260 |a Thrissur  |b Kerala Sahithya Akademi  |c 1983 
300
490
650 |a History-- description-- critical appraisal of literature 
942 |c BK 
999 |c 227995  |d 227995 
952 |0 0  |1 0  |4 0  |6 R_809_000000000000000_GEOB_2  |7 0  |9 242128  |a SDE  |b SDE  |d 2019-12-12  |l 0  |o R 809 GEO-B.2  |p SDE7347  |r 2019-12-12  |w 2019-12-12  |y BK